Základy výpočtovej techniky a programovania 1. časť

Podrobná bibliografia
Hlavní autori: Baláži, Štefan, 1925- (Autor), Kvietková, Anna, 1937- (Autor), Zelienka, Ladislav (Autor)
Médium: Kniha
Jazyk:slovenčina
Fyzický popis:191 s., 12,288 AH tab., sch. 29 cm
Vydavateľské údaje: Bratislava Vysoká škola ekonomická 1976
Vydanie:1. vyd.
Edícia:Vysokoškolské skriptá
Predmet:

MARC

LEADER 00000cam a2200000 a 4500
001 vtls001105559
003 SK-MaSNL
005 20260301153504.0
008 240318s1976 xo 00000 slo
015 |a SNBA1977 
020 |c 11 Kčs. (4000 výtl.) 
035 |a SNK000048401 
040 |a SNK  |b slo  |c SNK  |e AACR2 
041 0 |a slo 
044 |a xo  |c SK 
080 |a 681.3.06(075.8)  |2 1981 
080 |a 519.68  |2 1981 
080 |a 519.76(075.8)  |2 1981 
080 |a 378  |2 1981 
100 1 |a Baláži, Štefan,  |d 1925-  |4 aut  |9 235736 
245 1 0 |a Základy výpočtovej techniky a programovania  |n 1. časť  |c Štefan Baláži, Anna Kvietková, Ladislav Zelienka 
250 |a 1. vyd. 
260 |a Bratislava  |b Vysoká škola ekonomická  |c 1976  |e Nitra  |f Nitrianske tlačiarne 
300 |a 191 s., 12,288 AH  |b tab., sch.  |c 29 cm 
366 |e 4000 výt. 
490 1 |a Vysokoškolské skriptá 
504 |a Bibliogr. 
650 0 7 |a počítače  |2 SNKPH  |9 2027 
650 0 7 |a programovacie jazyky  |2 SNKPH  |9 1838 
655 7 |a učebnice vysokých škôl  |2 SNKPH  |9 70191 
700 1 |a Kvietková, Anna,  |d 1937-  |4 aut  |9 40715 
700 1 |a Zelienka, Ladislav  |4 aut  |9 351103 
700 1 |a Baláži, Štefan,  |d 1925-  |4 aut  |9 235736 
830 0 |a Vysokoškolské skriptá  |9 276440 
958 |a OND 
958 |a TL 
958 |a UV 
999 |c 793202  |d 795132 
952 |a SNK  |b SNK  |y PREZ  |7 0  |p 17A0942795  |o snkSB 24847/1  |i snkKSP 2048/77  |0 0  |1 0  |4 0  |d 2014-06-30  |f 1  |l 0  |r 2026-02-24 01:44:28  |w 2026-02-24 
952 |a SNK  |b SNK  |y VYP  |7 0  |o snkSB 24847/1 D1  |i snkKSP 2049/77  |0 0  |1 0  |4 0  |d 2014-06-30  |l 0  |r 2026-02-24 01:44:28  |w 2026-02-24